000 00534nam a2200205Ia 4500
005 20230727111328.0
008 131103s9999 xx 000 0 und d
020 _a970198469
040 _aLoreto College
041 _aEnglish
082 _a920
_bDIC
100 _aDickson, Mora
245 _aPortrait of a Partnership
_cMora Dickson
260 _aNew York
_bInternational Partnership for Service-Learning
_cc2004
300 _a261 p.
650 _aDickson, Alec
651 _aAutobiography
850 _aLCLIB
942 _cBK
999 _c6168
_d56647